LEADER 01017nam a2200289 i 4500 001 991002130299707536 005 20020503161420.0 008 960329s1995 it ||| | ita 035 $ab10320672-39ule_inst 035 $aEXGIL97957$9ExL 040 $aBiblioteca Interfacoltà$bita 082 04$a791.43 100 1 $aCremonini, Giorgio$03927 245 10$aCharlie Chaplin /$cGiorgio Cremonini 260 $a[Roma] :$bL'unità/Il castoro,$cstampa 1995 300 $a144 p. ;$c17 cm. 440 2$aI libri dell'Unità 440 3$aIl castoro cinema ;$v6 500 $aEd. f.c. - Supplemento a: L'Unità ; n.56, 8-3-95. 600 14$aChaplin, Charles Spencer 907 $a.b10320672$b02-04-14$c27-06-02 912 $a991002130299707536 945 $aLE002 791.43 CHA CRE 945 $aLE002 LE002 Coll. 16,1. 6$g1$i2002000511669$lle002$o-$pE0.00$q-$rl$s- $t0$u0$v0$w0$x0$y.i10377852$z27-06-02 996 $aCharlie Chaplin$9200634 997 $aUNISALENTO 998 $ale002$b01-01-96$cm$da $e-$fita$git $h0$i1